| 000 | 00575cam a22002171 4500 | ||
|---|---|---|---|
| 001 | sa 66001783 | ||
| 003 | DLC | ||
| 005 | 20260227112224.0 | ||
| 008 | 960912s19uu pk 000 0 pusr | ||
| 010 | _asa 66001783 | ||
| 025 | _aPL480:P-Pushto-24 | ||
| 035 | _a(OCoLC)35527817 | ||
| 040 |
_aDLC _cCLU _dCLU _dDLC |
||
| 042 | _apremarc | ||
| 050 | 0 | 0 |
_aBP55 _b.S3 |
| 100 | 0 | _aṢāḥib Gul. | |
| 245 | 0 | 0 |
_aTārīkh-i Islam. _cMawlwī Ṣāḥib Gul. |
| 260 |
_aPishāwar, _bIdārah-yi Ishāʻat-i Sarḥad, _c19-- |
||
| 300 |
_av. _c22 cm. |
||
| 650 | 0 |
_aIslam _xHistory. |
|
| 999 |
_c67985 _d67985 |
||